[Event "YUG-chT"]
[Site "Igalo"]
[Date "1994.??.??"]
[Round "4"]
[White "Bacetic, Nikola"]
[Black "Zlatic, Mihailo"]
[Result "1/2-1/2"]
[WhiteElo "2325"]
[BlackElo "2265"]
[PlyCount "77"]
[EventDate "1994.??.??"]
[EventType "team"]
[EventRounds "9"]
[EventCountry "YUG"]
[SourceTitle "EXT 1999"]
[Source "ChessBase"]
[SourceDate "1998.11.16"]
[SourceVersion "1"]
[SourceVersionDate "1998.11.16"]
[SourceQuality "1"]

1. e4 Nf6 2. e5 Nd5 3. d4 d6 4. Nf3 dxe5 5. Nxe5 g6 6. c4 Nb6 7. Be3 Bg7 8. f4 0-0 9. Bd3 N6d7 10. Nc3 c5 11. Nxd7 Nxd7 12. d5 b6 13. 0-0 Nf6 14. f5 Nd7 15. Be4 Bb7 16. Rc1 Ne5 17. b3 Qd7 18. h3 Rad8 19. a4 Qc8 20. Qc2 a5 21. Bg5 Rd7 22. f6 exf6 23. Bxf6 Re8 24. Qf2 Bxf6 25. Qxf6 Qd8 26. Qxd8 Rexd8 27. Rf6 Rd6 28. Rcf1 Kg7 29. Rxd6 Rxd6 30. Re1 f6 31. Bc2 Rd8 32. Ne4 Re8 33. Kf2 Nf7 34. Re3 f5 35. Nc3 Rxe3 36. Kxe3 Nd6 37. Ne2 Kf6 38. Nf4 Bc8 39. Bd1 1/2-1/2

[Event "YUG-chT"]
[Site "Igalo"]
[Date "1994.??.??"]
[Round "7"]
[White "Marcetic, Nikola"]
[Black "Bacetic, Nikola"]
[Result "0-1"]
[WhiteElo "2305"]
[BlackElo "2325"]
[PlyCount "66"]
[EventDate "1994.??.??"]
[EventType "team"]
[EventRounds "9"]
[EventCountry "YUG"]
[SourceTitle "EXT 1999"]
[Source "ChessBase"]
[SourceDate "1998.11.16"]
[SourceVersion "1"]
[SourceVersionDate "1998.11.16"]
[SourceQuality "1"]

1. d4 Nf6 2. c4 g6 3. Nc3 d5 4. cxd5 Nxd5 5. e4 Nxc3 6. bxc3 Bg7 7. Bb5+ c6 8. Ba4 e5 9. d5 0-0 10. Ba3 Re8 11. Ne2 Bd7 12. 0-0 cxd5 13. exd5 Qa5 14. Bxd7 Nxd7 15. Bb4 Qa6 16. Ng3 f5 17. Qb3 Rac8 18. Rfd1 b6 19. d6+ Kh8 20. Nf1 Bh6 21. Qf7 Qa4 22. Rd3 Rf8 23. Qe7 a5 24. Rh3 Bg7 25. Ba3 Qxa3 26. Qxd7 Rfd8 27. Qb5 Rxd6 28. Qa6 Qc5 29. Rb1 e4 30. Rb5 Qc7 31. c4 Bd4 32. Rhb3 Rc6 33. Nd2 Qf4 0-1

[Event "YUG-chT"]
[Site "Cetinje"]
[Date "1993.??.??"]
[Round "5"]
[White "Bacetic, Nikola"]
[Black "Markovic, Miroslav"]
[Result "0-1"]
[WhiteElo "2330"]
[BlackElo "2505"]
[PlyCount "74"]
[EventDate "1993.??.??"]
[EventType "team"]
[EventRounds "11"]
[EventCountry "YUG"]
[SourceTitle "EXT 2002"]
[Source "ChessBase"]
[SourceDate "2001.11.25"]
[SourceVersion "1"]
[SourceVersionDate "2001.11.25"]
[SourceQuality "1"]

1. e4 c5 2. c3 Nf6 3. e5 Nd5 4. d4 cxd4 5. Nf3 e6 6. cxd4 d6 7. a3 Bd7 8. Bd3 Bc6 9. 0-0 Nd7 10. b4 a6 11. Nbd2 Nf4 12. Be4 Bb5 13. Re1 d5 14. Bc2 Nd3 15. Re3 Nxc1 16. Rxc1 g6 17. Rb1 Bh6 18. Rc3 Nb6 19. a4 Bc6 20. a5 Nc8 21. Nf1 Na7 22. Ne3 Nb5 23. Rd3 Rc8 24. h4 Bd7 25. Ng4 Bg7 26. Ng5 h6 27. Nxf7 Kxf7 28. Rf3+ Ke7 29. Bxg6 Be8 30. Bxe8 Qxe8 31. Nf6 Bxf6 32. Rxf6 Rh7 33. Rb3 Kd7 34. Qb1 Qe7 35. Qd1 Rc4 36. f4 Nxd4 37. f5 Rc1 0-1

[Event "YUG-chT"]
[Site "Cetinje"]
[Date "1992.??.??"]
[Round "?"]
[White "Bacetic, Nikola"]
[Black "Djuric, Petar"]
[Result "1-0"]
[WhiteElo "2345"]
[BlackElo "2170"]
[PlyCount "55"]
[EventDate "1992.??.??"]
[EventType "team"]
[EventRounds "11"]
[EventCountry "YUG"]
[SourceTitle "EXT 1997"]
[Source "ChessBase"]
[SourceDate "1996.11.15"]
[SourceVersion "1"]
[SourceVersionDate "1996.11.15"]
[SourceQuality "1"]

1. e4 c5 2. c3 b6 3. d4 Bb7 4. Bd3 Nf6 5. Qe2 cxd4 6. cxd4 Nc6 7. Nf3 Nb4 8. Nc3 Nxd3+ 9. Qxd3 e6 10. Bg5 Be7 11. 0-0 d5 12. Bxf6 Bxf6 13. exd5 Bxd5 14. Qb5+ Kf8 15. Ne5 Bb7 16. Nd7+ Ke7 17. Nxf6 gxf6 18. d5 Rg8 19. Rad1 Rc8 20. Rfe1 Rc5 21. Qb4 a5 22. Qa3 Ke8 23. Qa4+ Kf8 24. dxe6 Rxg2+ 25. Kf1 Qa8 26. e7+ Kg7 27. Ne4 Bxe4 28. Qxe4 1-0

[Event "YUG-chT"]
[Site "Cetinje"]
[Date "1992.??.??"]
[Round "?"]
[White "Bacetic, Nikola"]
[Black "Savic, Miodrag"]
[Result "1/2-1/2"]
[WhiteElo "2345"]
[BlackElo "2215"]
[PlyCount "115"]
[EventDate "1992.??.??"]
[EventType "team"]
[EventRounds "11"]
[EventCountry "YUG"]
[SourceTitle "EXT 1997"]
[Source "ChessBase"]
[SourceDate "1996.11.15"]
[SourceVersion "1"]
[SourceVersionDate "1996.11.15"]
[SourceQuality "1"]

1. e4 d6 2. d4 Nf6 3. Nc3 g6 4. f4 Bg7 5. Nf3 0-0 6. Bd3 Nbd7 7. e5 Ne8 8. Ne4 c5 9. c3 cxd4 10. cxd4 dxe5 11. fxe5 Nb6 12. 0-0 Bg4 13. Be3 Nd5 14. Bd2 Qb6 15. Qb3 Rd8 16. Qxb6 Nxb6 17. Bb4 Nd5 18. Bd2 Nec7 19. Nc5 b6 20. Nb3 a5 21. a4 Nb4 22. Be4 Be6 23. Nc1 Bd5 24. Bxd5 Ncxd5 25. Ne2 Nd3 26. b3 Rc8 27. Nc1 N5b4 28. Nxd3 Nxd3 29. Rfd1 Nb2 30. Rdb1 Nd3 31. Rd1 Nb4 32. Rac1 Nd5 33. Rc4 Rb8 34. Rdc1 e6 35. Ne1 f6 36. exf6 Bxf6 37. Nf3 b5 38. Rc6 bxa4 39. bxa4 Rb2 40. Rxe6 Bxd4+ 41. Nxd4 Rxd2 42. Ne2 Kg7 43. Rf1 Rb8 44. Rd6 Rxe2 45. Rxd5 Rbb2 46. Rg5 Ra2 47. Rf4 Ra1+ 48. Rf1 Rxa4 49. Rb1 Raa2 50. h3 a4 51. Rb7+ Kf6 52. Rg4 a3 53. Rxh7 Ra1+ 54. Kh2 a2 55. Ra7 Rb1 56. Ra6+ Kg7 57. Rga4 Rbb2 58. Rg4 1/2-1/2